000 00741nam a2200289Ia 4500
005 20260324120350.0
008 008 260324s9999 xx 000 0 eng d
020 _a9780429069208
037 _aEBOOK
040 _aCRL
040 _beng
040 _cCRL
041 _2eng
041 _aeng
084 _qCRL
100 _aAshok Srivastava; Ashwani Sharma; Jose Mauricio Marulanda; Yao Xu
_91158272
245 0 _aCarbon-Based Electronics
245 0 _bTransistors and Interconnects at the Nanoscale
260 _bTaylor and Francis
260 _c2015
365 _a
365 _b170
856 _uhttp://www.taylorfrancis.com/books/9780429069208
942 _cEBOOK
999 _c1749774
_d1749774